000
003000000a22000970004500
100
1
_a
Gosse, Bernard (1949- )
245
1
0
_a
L'ouverture de la nouvelle alliance aux nations en Jérémie 3:14-18
300
_a
Vol. 39, Num. 4 (Octubre, 1989), Páginas 385-392
773
0
_t
Vetus Testamentum
942
_c
ANA
999
_c
57591
_d
57591